Students h b of Progressive Exercise, Part I 19th Edn (Record no. 1140)

MARC details
000 -LEADER
fixed length control field 00437nam a2200133Ia 4500
008 - FIXED-LENGTH DATA ELEMENTS--GENERAL INFORMATION
fixed length control field 211109s9999||||xx |||||||||||||| ||und||
082 ## - DEWEY DECIMAL CLASSIFICATION NUMBER
Classification number 891.2
Item number APT-S
100 ## - MAIN ENTRY--PERSONAL NAME
Personal name Apte, Vamman Shivarama,
245 #0 - TITLE STATEMENT
Title Students h b of Progressive Exercise, Part I 19th Edn
260 ## - PUBLICATION, DISTRIBUTION, ETC.
Name of publisher, distributor, etc. Bobban T Theckel
Place of publication, distribution, etc. Changanacherry
Date of publication, distribution, etc. 1900
630 ## - SUBJECT ADDED ENTRY--UNIFORM TITLE
General subdivision General Stack
650 ## - SUBJECT ADDED ENTRY--TOPICAL TERM
Topical term or geographic name entry element Indian Literature
942 ## - ADDED ENTRY ELEMENTS (KOHA)
Koha item type BOOK
650 ## - SUBJECT ADDED ENTRY--TOPICAL TERM
Form subdivision Sanskrit LiteratureMalayalam Literature
General subdivision Sanskrit
Holdings
Withdrawn status Lost status Source of classification or shelving scheme Damaged status Not for loan Home library Current library Date acquired Total Checkouts Full call number Barcode Shelving location Date last seen Price effective from Koha item type
    Dewey Decimal Classification     SB LIBRARY SB LIBRARY 09/11/2021   891.2 APT-S 00001145 GENERAL STACK 09/11/2021 09/11/2021 BOOK

Powered by Koha